MDQL
is popping MORE tags! Check the
thread
!
Quizzes
Events
Quiz Creation
Community
Videos
Private Events
Remove Ads
Sign In
Join for FREE
Feedback
Dark Mode
Quiz Categories
Sports
Geography
Music
Movies
Television
Just For Fun
Miscellaneous
History
Literature
Language
Science
Gaming
Entertainment
Religion
Holiday
For Kids
Quiz Lab
Recent
Popular Today
Quiz Kudos Today
Editor Picks
Curator Picks
Quizzes by...
Day
Popularity
Type
Ratings
Length
Year
Community
Subscriptions
Recent Discussions
Orange Saloon
Badges
Playlists
Quests
Create
Leaderboards
Showdown
Live 5
Trivia Bingo
Activity
Puzzle Library
Sporcle Events
Private Events
Virtual Trivia
Globe League
Become a Host
Pub Owners
SporcleCon
Opinionation
Our Games
Videos
Blog
Mobile Apps
Partnerships
Remove Ads and Go Orange
Feedback
Science
Computer
Plants
Astronomy
Chemistry
Elements
Math
Animal
Physics
Anatomy
Biology
Geology
General Science
Science
Computer
Plants
Astronomy
Chemistry
Elements
Math
Animal
Physics
Anatomy
Biology
Geology
General Science
Random Quiz
Search Sporcle
×
Quiz Lab
Quiz Lab
Science
Clickable
Type in answers that appear in a list
Type in answers that appear in a list
Classic
Best Score? Go Orange.
Radiation therapy Stats
Can you name the radiation therapy
By
kevinlonergan
10m
36 Questions
58 Plays
58 Plays
58 Plays
Comments
Comments
Give Quiz Kudos
Give Quiz Kudos
-
- Ratings
hide this ad
Replay
Link that replays current quiz
Next Quiz
Link to next quiz in quiz playlist
You Got
0%
They Got
Avg Score
24%
Avg Friend Score
Upgrade to see
Score Distribution
Jump to the score distribution portion of the page
Score
0/36
Timer
10:00
0
Plays Today
Question
Answer
% Correct
Most common cancer in males
prostate
72.4%
A systemic cancer treatment
Chemotherapy
65.5%
virus associated with cervical cancer
HPV
60.3%
Second most common cancer in women
Lung
60.3%
Study of disease incidence
epidemiology
56.9%
MLC's move while beam is on in this type of treatment
IMRT
48.3%
In charge of designing treatment plan
Dosimetrist
46.6%
Negative side of a x-
ray tube
cathode
46.6%
Point of intersection of the three axes
Isocenter
39.7%
Two images taken 90% apart
orthogonal
37.9%
Exam used in prostate screening
digital rectal exam
36.2%
Provides information about tumor aggressiveness
Grade
34.5%
Use of touch to acquire information about patient
Palpation
32.8%
Ability of a test to obtain a true positive
sensitivity
25.9%
Interaction of x-
ray photon with outer shell electron
compton scatter
25.9%
Screening examinations must be both
sensitive and specific
20.7%
This may include childhood illnesses, allergies, immunizations and prior hospitalizations
Medical history
20.7%
clinical trial phase that often involves a large number of people
Phase 3
20.7%
Question
Answer
% Correct
subjective data perceived by patient
Symptom
19%
Probability of disease in entire population at any point in time
prevalence
19%
Primary drainage lymph node
Sentinel node
15.5%
Period between exposure to disease causing agent and development of disease
Latent period
15.5%
Study that reviews patients treated in the past
Retrospective study
13.8%
Most common cause of tissue damage
hypoxia
10.3%
Biopsy that removes entire tumor
excisional biopsy
10.3%
Normal adult pulse rate
60 to 90
8.6%
A tumor with a grade G4 is
undifferentiated
8.6%
Number of early warning signs on American Cancer Societys list
7
6.9%
Clinical features of the inflammatory response
redness warmth swelling pain
3.4%
Substance manufactured and released by tumor
tumor marker
3.4%
Treatments ranging from 50-
150 kV
Superficial treatments
3.4%
fixed reference points to which other objects can be measured
fiducial markers
3.4%
Computerized charting system
Electronic medical records
1.7%
Number and orientation of treatment fields
Treatment technique
1.7%
Most basic multiple field technique
Parallel opposed fields
1.7%
Two images from different angles focused on the same point
stereoscopic
0%
Quiz Playlist
Details
Report
Send in Message
Add To Playlist
Classic:
Type in answers that appear in a list
Last Updated: Feb 16, 2017
Quiz Scoreboard
CHALLENGE
Sign Up to Join the Scoreboard
Show All
Scores
Hide
Comments
May contain spoilers
Recently Published
Two Season TV Shows II
by 123Four
Television
10m
Image Sorting: Flags VI
by Barbecue
Geography
2m
Find the 'City' Movie
by crazypaving
Movies
60s
More to Explore
Quiz From the Vault
Featured Blog Post
14 Easter Pick-up Lines to Find Eggs With
hide this ad
You Might Also Like...
Tags
Clickable Quiz
radiation
Therapy
Today's Top Quizzes in Science
Browse Science
hide this ad
Today's Top Quizzes in Clickable
Browse Clickable
Top Contributed Quizzes in Science
1
Mitosis Sporcle for Escape Room
2
Windmill: Elements
3
200 Vogels in Nederland
4
Square Numbers Scrambled (1-50)
5
Elements In Images
6
Glycolysis
7
Count to 60
8
Quick Pick: 'CI-CJ' Animals
9
17 TIMES TABLE
10
perfect squares 1-25
Explore More
Trending Topics
NBA
Anime
Disney
Marvel
Kpop
Harry Potter
Crossword
The Office
NFL
WWE
Puzzle
Pokémon
Song
Soccer
Country
hide this ad
More By:
kevinlonergan
Quiz
Plays
Rating
Category
Featured
Created
radiation therapy
58
Science
Oct 27, 2013
Go to Creator's Profile
Score Distribution
Quiz Creator Spotlight
kevinlonergan
Follow
Send a Message
Quizzes Created
-
Created Quiz Play Count
-
More By This Creator
Popular Quizzes Today
1
Find the US States - No Outlines Minefield
2
Colored Red Africa Blitz
3
Find the 'City' Movie
4
5x2 Blitz: Bands
5
The Countries of the World
6
Find the Countries of Europe - No Outlines Minefield
7
Find the US States
8
US States
More Science Quizzes
Science Lab Halloween Party!
Published
Trending Quizzes
Colored Red Europe Blitz I
Colored Red Africa Blitz II
Colored Red Europe Blitz II
Colored Red Africa Blitz III
Even More Two Season TV Shows
Recently Updated
March Madness Men's Triple Doubles
pecheneg
How Do You Spell That?
pecheneg
Godzilla Movies
pecheneg
Grab Bag: 4-10 Letters
pecheneg
2024 March Madness Bracket
pecheneg
Famous TV Couples
Peacemaker
Champions League XIs: Real Madrid
pecheneg
Largest US Cities 1790-2010
pecheneg
Rides in Walt Disney World
pecheneg
Most Oscar Losses (Acting)
pecheneg
Trending Topics
Marvel
Harry Potter
Crossword
Disney
Anime
Kpop
NBA
NFL
Soccer
Pokémon
Song
The Office
Puzzle
WWE
Country
Your Account Isn't Verified!
In order to create a playlist on Sporcle, you need to verify the email address you used during registration. Go to your
Sporcle Settings
to finish the process.
Report this User
Report this user for behavior that violates our
Community Guidelines
.
Details:
Send Report
Go to the Sporcle.com Mobile Site →
Comments